| 000 | 00445cam a2200169 a 4500 | ||
|---|---|---|---|
| 020 | _a0072291532 (alk. paper) | ||
| 040 | _cDLC | ||
| 082 | 0 | 0 | _a302 mcg 2000 A013 Or. |
| 100 | 1 | _aGriffin, Emory A. | |
| 245 | 1 | 2 | _aA first look at communication theory / |
| 250 | _a4th ed. | ||
| 260 |
_aBoston : _bMcGraw-Hill, _c2000. |
||
| 300 |
_axiv, 548 p. : _bill. ; _c24 cm. |
||
| 650 | 0 | _aCommunication | |
| 700 | 1 | _aMcClish, Glen Arthur. | |
| 942 | _cEK | ||
| 999 |
_c13141 _d13141 |
||